| 000 | 00426nam a2200145 4500 | ||
|---|---|---|---|
| 999 |
_c1643 _d1643 |
||
| 008 | 200128b ||||| |||| 00| 0 eng d | ||
| 082 | 0 | 0 |
_a621.3 _bK891 |
| 100 |
_91274 _aKraal, Edmund G. R. |
||
| 245 | 1 | 0 |
_aReed's Advanced electrotechnology for marine engineers / _cby Edmund G. R. Kraal |
| 250 | _a1st ed. | ||
| 260 |
_aSunderland _bThomas Reed _c1970 |
||
| 300 | _a647 | ||
| 650 | 0 | _aElectrical Engineering | |
| 942 |
_2ddc _cBK |
||